| Поле | Название | Значение |
| |
Тип записи |
a |
| |
Библиографический уровень |
m |
| 001 |
Контрольный номер |
RU/URAIT/539930 |
| 003 |
Принадлежность контрольного номера |
https://urait.ru/bcode/539930 |
| 005 |
Дата корректировки |
20240827112628.3 |
| 008 |
Кодируемые данные |
|
| 020 |
Индекс ISBN |
__ |
| a |
ISBN |
978-5-534-12071-4 |
| c |
Цена, тираж |
1959.00 |
| 040 |
Источник каталогиз. |
__ |
| a |
Служба первич. каталог. |
ИКО Юрайт |
| b |
Код языка каталог. |
rus |
| c |
Служба, преобразующая запись |
ИКО Юрайт |
| 041 |
Код языка издания |
0_ |
| a |
Код языка текста |
rus |
| 044 |
Код страны публикации |
__ |
| a |
Код страны публикации |
RU |
| 073 |
|
_1 |
| a |
|
9785534120714 |
| d |
|
1959.00 |
| 080 |
Индекс УДК |
__ |
| a |
Индекс УДК |
627(075.8) |
| 084 |
Индекс другой классификации/Индекс ББК |
__ |
| a |
Индекс другой классификации/Индекс ББК |
30я73 |
| 2 |
Источник индекса |
rubbk |
| 091 |
Индексы/ коды |
__ |
| a |
Индекс ББК (DOS) |
30я73 |
| z |
|
rubbk |
| 100 |
Автор |
1_ |
| a |
Автор |
Северцев Н. А. |
| q |
Полное имя |
Николай Алексеевич |
| 230 |
|
__ |
| a |
|
Электрон. дан. |
| 245 |
Заглавие |
00 |
| a |
Заглавие |
Теория надежности сложных систем в отработке и эксплуатации |
| b |
Продолж. заглавия |
учебное пособие |
| c |
Ответственность |
Н. А. Северцев. |
| 250 |
Сведения об издании |
__ |
| a |
Основные сведения об издании |
2-е изд. |
| b |
Дополнительные сведения об издании |
пер. и доп |
| 260 |
Выходные данные |
1_ |
| a |
Место издания |
Москва |
| b |
Издательство |
Юрайт |
| c |
Дата издания |
2024 |
| 300 |
Физическое описание |
__ |
| a |
Объем |
473 с |
| 440 |
Серия |
_0 |
| a |
Серия |
Высшее образование |
| 500 |
Примечания |
__ |
| a |
Примечание |
URL: https://urait.ru/bcode/539930 (дата обращения: 27.08.2024). |
| 520 |
Аннотация |
__ |
| a |
Аннотация |
Учебное пособие посвящено проблеме обеспечения надежности при создании, обработке и эксплуатации сложных систем с помощью математических методов. Автор рассматривает оптимальное управление эксплуатационными процессами, модели управления «надежностью» оператора, обеспечение систем с запасными элементами, методы объединения информации при оценке надежности технических устройств, статистическое моделирование, применение теории подобия для исследования надежности сложных систем и др. Пособие содержит также приложения с основными параметрическими законами распределения и анализом многомерных распределений случайных величин. |
| 538 |
Прим. о системных особенностях |
__ |
| a |
Прим. о системных особенностях |
Режим доступа: Электронно-библиотечная система Юрайт, для авториз. пользователей |
| 653 |
Ключевые слова |
2_ |
| a |
Ключевые слова |
Математика: общие работы |
| 653 |
Ключевые слова |
2_ |
| a |
Ключевые слова |
Математика и статистика |
| 653 |
Ключевые слова |
2_ |
| a |
Ключевые слова |
Надежность технических систем |
| 653 |
Ключевые слова |
2_ |
| a |
Ключевые слова |
Основы теории надежности |
| 653 |
Ключевые слова |
2_ |
| a |
Ключевые слова |
Основы надежности технических систем |
| 653 |
Ключевые слова |
2_ |
| a |
Ключевые слова |
Теория надежности |
| 653 |
Ключевые слова |
2_ |
| a |
Ключевые слова |
Обеспечение эксплуатационных свойств деталей машин |
| 653 |
Ключевые слова |
2_ |
| a |
Ключевые слова |
Методы исследования сложных систем |
| 856 |
Электронный адрес документа |
40 |
| n |
Местонахождение сервера |
Юрайт |
| g |
|
Электронная книга |
| q |
Тип электронного формата |
html |
| h |
Имя пользователя |
ЮРАЙТ |
| v |
Часы доступа к ресурсу |
20251231 |
| 2 |
Способ доступа |
Показать документ |
| x |
Служебное примечание |
https://urait.ru/book/cover/4EFDEA2E-4C1B-420F-80F8-1ECDF330EF52 |
| u |
URL |
https://urait.ru/bcode/539930 |
| 856 |
Электронный адрес документа |
41 |
| q |
Тип электронного формата |
cover |
| u |
URL |
https://urait.ru/book/cover/4EFDEA2E-4C1B-420F-80F8-1ECDF330EF52 |